000
00387nam a22001217a 4500
003
SGT
082
_a
200
_b
S11S
100
_a
शर्मा, आचार्य दिवाकर
245
_a
षष्टिपूर्ति : अभिनन्दन ग्रन्थ
260
_b
श्री तुलसीमंडल पंजी.
_c
2011
300
_a
931
942
_2
ddc
_c
BK
999
_c
31751
_d
31751